[Event "CZE-chT rap"]
[Site "Pardubice"]
[Date "2011.07.14"]
[Round "1"]
[White "Varitski, Igor"]
[Black "Janak, Josef"]
[Result "1-0"]
[WhiteElo "2268"]
[BlackElo "1768"]
[PlyCount "71"]
[EventDate "2011.07.14"]
[EventType "team-swiss"]
[EventRounds "7"]
[EventCountry "CZE"]
[SourceTitle "CBM 143 Extra"]
[Source "ChessBase"]
[SourceDate "2011.08.29"]
[SourceVersion "1"]
[SourceVersionDate "2011.08.29"]
[SourceQuality "1"]

1. e4 e5 2. Nf3 Nc6 3. d4 exd4 4. c3 dxc3 5. Nxc3 Bb4 6. Bc4 d6 7. 0-0 Bxc3 8. bxc3 Nf6 9. e5 dxe5 10. Qb3 0-0 11. Ng5 Qe8 12. Ba3 Na5 13. Qb4 Nxc4 14. Qxc4 c6 15. Bxf8 Qxf8 16. Rfe1 h6 17. Ne4 Nd5 18. Rab1 Nb6 19. Qc5 Nd7 20. Qd6 f6 21. c4 Qxd6 22. Nxd6 b6 23. Rbd1 Nc5 24. Nxc8 Rxc8 25. h4 g5 26. hxg5 hxg5 27. Re3 Kf7 28. Rh3 Kg6 29. Rd6 Ne4 30. Rd7 a5 31. g4 f5 32. Rdh7 fxg4 33. R3h6+ Kf5 34. Rf7+ Nf6 35. Rfxf6+ Ke4 36. Rxc6 1-0